000 00972nam a2200205Ia 4500
003 GCL
008 140319s9999 xx 000 0 ara d
040 _aGCL /
_cGCL
082 0 4 _a250
_bك س
100 1 _aابن حجر العسقلانى : بدر الدين ابو المعالى محمد بن احمد بن على
245 1 0 _aسبل السلام :
_bشرح بلوغ المرام من جمع ادلة الاحكام للحافظ شهاب الدين ابى الفضل /
_cابن حجر العسقلانى : بدر الدين ابو المعالى محمد بن احمد بن على
700 1 _aالكحلانى : محمد بن اسماعيل الامير بن صالح
260 _aبيروت :
_bدار الكتب العلمية للنشر والتوزيع ،
_c1958
300 _a4 مج فى 2 جزء ؛
_c24 سم
490 _a
650 0 4 _aفقه اسلامى
650 0 4 _aالاحاديث النبوية
650 0 4 _aالسلام
942 _2ddc
_cBK
999 _c55166
_d55166